Engineering & General Geology (Record no. 4890)

MARC details
000 -LEADER
fixed length control field 00415nam a22001697a 4500
005 - DATE AND TIME OF LATEST TRANSACTION
control field 20181006120957.0
008 - FIXED-LENGTH DATA ELEMENTS--GENERAL INFORMATION
fixed length control field 160630b xxu||||| |||| 00| 0 eng d
020 ## - INTERNATIONAL STANDARD BOOK NUMBER
ISBN 978-93-5014-267-7
041 ## - LANGUAGE CODE
Language code of text/sound track or separate title eng
082 ## - DEWEY DECIMAL CLASSIFICATION NUMBER
Item number 19565
100 ## - MAIN ENTRY--AUTHOR NAME
Personal name Singh, Prabin
245 ## - TITLE STATEMENT
Title Engineering & General Geology
260 ## - PUBLICATION, DISTRIBUTION, ETC. (IMPRINT)
Name of publisher S.K. Kataria & Sons
Year of publication 2013
300 ## - PHYSICAL DESCRIPTION
Number of Pages 584
650 ## - SUBJECT ADDED ENTRY--TOPICAL TERM
Topical Term Diploma Engineering
942 ## - ADDED ENTRY ELEMENTS (KOHA)
Koha item type Books
Holdings
Lost status Damaged status Home library Current library Shelving location Date acquired Cost, normal purchase price Full call number Accession Number Koha item type Collection code Source of acquisition
    JRU Library   SHELF-88-C 30/06/2016 350.00 19565 19565 Books    
    JRU Library JRU Library SHELF-88-C 30/06/2016 350.00 19565 19566 Books MINING  
    JRU Library JRU Library SHELF-88-C 30/06/2016 350.00 19565 19567 Books MINING  
    JRU Library JRU Library SHELF-88-C 30/06/2016 350.00 19565 19568 Books MINING  
    JRU Library JRU Library SHELF-88-C 30/06/2016 350.00 19565 19569 Books MINING  
    JRU Library JRU Library SHELF-88-C 30/06/2016 350.00 19565 19570 Books MINING  
    JRU Library JRU Library SHELF-88-C 30/06/2016 350.00 19565 19571 Books MINING  
    JRU Library JRU Library SHELF-88-C 30/06/2016 350.00 19565 19572 Books MINING  
    JRU Library JRU Library SHELF-88-C 30/06/2016 350.00 19565 19573 Books MINING  
    JRU Library JRU Library SHELF-88-C 30/06/2016 350.00 19565 19574 Books MINING  
    JRU Library   SHELF-76-E 06/10/2018 350.00 19565 22450 Books   Purchase
    JRU Library JRU Library SHELF-88-C 06/10/2018 350.00 19565 22451 Books MINING Purchase
    JRU Library JRU Library SHELF-88-C 06/10/2018 350.00 19565 22452 Books MINING Purchase
    JRU Library JRU Library SHELF-88-C 06/10/2018 350.00 19565 22453 Books MINING Purchase
    JRU Library JRU Library SHELF-88-C 06/10/2018 350.00 19565 22454 Books MINING Purchase